1892 1702 1321 1671 1527 1925 1821 1635 1349 1439 1101 1171 1277 1192 1644 1947 1634 1229 1967 1642 1939 1406 1253 1744 1070 1000 1539 1324 1276 1909 1385 1456 1504 1974 1585 1966 1180 1282 1413 1036 1209 1654 1209 1564 1495 1406 1327 1899 1547 1302 1487 1656 1639 1101 1965 1535 1176 1922 1167 1871 1958 1542 1138 1115 1312 1818 1685 1466 1411 1376 1706 1549 1100 1267 1957 1930 1414 1198 1911 1237 1731 1021 1527 1741 1054 1314 1028 1642 1334 1396 1046 1204 1797 1012 1716 1930 1303 1864 1438 BCNSPRNW ULIB Ver.6.0+V

เปลี่ยนเป็นภาษาไทย

Change to English
 แสดงรายละเอียดบรรณานุกรม
  กลับหน้าหลัก

Brief Record : Get Marc (ISO 2709) : E-mail record : QR code < ปิดหน้าต่าง
LEADER : 00000nam 2200000uu 4500
001    13399123880
003     ULIB
008    141212s2555||||th 000 0 tha d
020    ^a9786165052764 เล่ม2
050 04 ^aLB1051^bม192จ ล.2
110 2  ^aมหาวิทยาลัยสุโขทัยธรรมาธิราช.^bสาขาวิชาศึกษาศาสตร์
245 10 ^aเอกสารการสอนชุดวิชา จิตวิทยาและวิทยาการการเรียนรู้ หน่วยที่ 8-15= ^bPsychology and learning methodology. /^cสาขาวิชาศึกษาศาสตร์.มหาวิทยาลัยสุโขทัยธรรมาธิราช.
250    ^aพิมพ์ครั้งที่ 4.
260    นนทบุรี :^b สาขาวิชาศิลปศาสตร์ มหาวิทยาลัยสุโขทัยธรรมาธิราช,^c 2555
300    ^a2 เล่ม ; ^c30 ซม.
500    ^aเล่ม1 หน่วยที่ 1-7, เล่ม2 หน่วยที่ 8-15.
650  7 ^aจิตวิทยาการเรียนรู้.
650  7 ^aจิตวิทยาการศึกษา.
945    ^p250^l0^i22498
945    ^p250^l0^i22499
945    ^p250^l0^i22500
999    ^aทศพร เกษรทอง
รายการนี้ยังไม่มีแท็ก
คุณยังไม่ได้ล็อกอิน คุณสามารถมีกิจกรรมร่วมกับเว็บไซต์ได้ แต่ต้องล็อกอินก่อน ::
  ล็อกอิน

รายการสื่อสารสนเทศ

ลำดับที่ ประเภท เลขเรียก/บาร์โค้ด สถานที่ สถานะ
1. การศึกษาทั่วไป
หนังสือสำรอง
สถานะ=หนังสือสำรอง
LB1051 ม192จ ล.2 ฉ.1 
  Barcode: 22498
ห้องสมุดวิทยาเขตนครสวรรค์
►หนังสือทั่วไป:l:General Books
บนชั้น
2. การศึกษาทั่วไป
การศึกษาทั่วไป
LB1051 ม192จ ล.2 ฉ.2 
  Barcode: 22499
ห้องสมุดวิทยาเขตนครสวรรค์
►หนังสือทั่วไป:l:General Books
บนชั้น
3. การศึกษาทั่วไป
การศึกษาทั่วไป
LB1051 ม192จ ล.2 ฉ.3 
  Barcode: 22500
ห้องสมุดวิทยาเขตนครสวรรค์
►หนังสือทั่วไป:l:General Books
บนชั้น

รายการใกล้เคียง
    หัวเรื่อง [จิตวิทยาการเรียนรู้.]
    หัวเรื่อง [จิตวิทยาการศึกษา.]

BibComment


ยังไม่เคยถูกคอมเมนท์

คอมเมนท์ทรัพยากรรายการนี้
  คอมเมนท์: เอกสารการสอนชุดว..


 Copyright 2026. Bcnsprnw @Library